01929cam a2200289Ia 4500999001500000001000800015003000600023005001700029008004100046010001300087040004700100050002100147082001500168100004900183245010000232260006800332300003600400500013000436504007900566504004100645505071500686600003801401650003401439700003401473942001201507952012001519 c4832d48323080293OCoLC20181214202621.0770628s1950 pauc b 000 0 eng  a50002987 aDLCcMBSdOCLdHNWdOCLCGdWY@dDEBBGdCVN aBT201b.W26 1950 a232bW274P1 aWarfield, Benjamin Breckinridge,d1851-1921.14aThe person and work of Christ /cby Benjamin Breckinridge Warfield ; edited by Samuel G. Craig. aPhiladelphia, Pa. :bPresbyterian and Reformed Pub. Co.,c1950. axiii, 575 p. :bport. ;c24 cm. aA selection of articles from the author's collected writings as published by Oxford University Press subsequent to his death. aBibliography: "Other articles on the person and work of Christ" : p. xiii. aIncludes bibliographical references.0 aThe person of Christ. The historical Christ -- The person of Christ according to the New Testament -- The Christ that Paul preached -- The emotional life of our Lord -- Jesus' alleged confession of sin -- The humanitarian Christ -- The "two natures" and recent Christological speculation -- Christless Christianity -- The work of Christ as redeemer. Redeemer and redemption -- The chief theories of the atonement -- Modern theories of the atonement -- Christ our sacrifice -- The New Testament terminology of redemption -- The essence of Christianity and the cross of Christ -- Appendix: Sermons. The risen Jesus (II Tim. ii. 8) -- The saving Christ (I Tim. i. 15) -- Imitating the incarnation (Phil. ii. 5-8).00aJesus ChristxPerson and offices. 0aPresbyterian ChurchvSermons.1 aCraig, Samuel G.,d1874-1960. 2ddccBK 00102ddc40708NFICaHMCbHMCcGENd2018-12-14g600.00l0o232 W274Pp005508r2018-12-14 00:00:00w2018-12-14yBK